The Oxford 3000 - Letter G - Translate from Polish to English - Statystyki

Ogólne statystyki
  • Ten quiz został rozwiązany 28 razy
  • Średni wynik to 59 z 73
Statystyki odpowiedzi
Polish Angielski % Poprawnych
galeria gallery
100%
gra game
100%
gang gang
100%
garaż garage
100%
ogród; ogródek garden
100%
gaz gas
100%
ogólny; generalny; generał general
100%
geografia geography
100%
duch ghost
100%
prezent; dar; podarunek; upominek gift
100%
dziewczyna; dziewczynka girl
100%
dziewczyna(związek) girlfriend
100%
dać; podać; nadać give
100%
szkło; szklanka; szyba; kieliszek glass
100%
rękawica; rękawiczka glove
100%
iść; udać się; jechać go
100%
bóg god
100%
złoto; złoty gold
100%
golf golf
100%
dobry; dobrze; dobro good
100%
do widzenia; pożegnanie goodbye
100%
dziadek grandfather
100%
babcia grandmother
100%
szary; szarość gray
100%
zielony; zieleń green
100%
gitara guitar
100%
siłownia; sala gimnastyczna gym
100%
ogólnie; generalnie generally
93%
generować; wygenerować generate
93%
dżentelmen; pan gentleman
93%
globalny; światowy global
93%
cel; bramka; gol goal
93%
świetny great
93%
strażnik; chronić; pilnować guard
93%
zgadywać; domyślać się; domysł; przypuszczenie guess
93%
gość guest
93%
pistolet; broń palna gun
93%
pokolenie; generacja generation
86%
dostać; otrzymać; pozyskać; przynosić; dostarczyć get
86%
oceniać; ocena(np. z egzaminu); stopień grade
86%
trawa grass
86%
grupa; zespół group
86%
rosnąć; wyrastać grow
86%
facet; gość; koleś; typ guy
86%
brama; bramka; wrota gate
79%
towary; dobra goods
79%
rząd government
79%
dziadkowie grandparents
79%
grunt; ziemia; uziemienie ground
79%
winny guilty
79%
luka gap
71%
gigantyczny; gigant; olbrzym giant
71%
sklep spożywczy grocery
71%
zagwarantować; zapewnić; gwarancja; zapewnienie guarantee
71%
stopniowo gradually
64%
wdzięczny grateful
64%
śmieci; odpadki garbage
57%
zbierać; zebrać; zgromadzić gather
57%
hojny; szczodry generous
57%
absolwent; skończyć szkołe graduate
57%
wzrost; rozwój growth
57%
przewodnik; prowadzić; przewodzić guide
57%
zyskać; zdobyć; zysk; wzmocnienie gain
50%
delikatny; łagodny gentle
50%
rządzić govern
50%
przywitać; powitać; witać greet
50%
gatunek(np. literacki) genre
43%
chwycić; złapać grab
43%
zadowolony; szczęśliwy glad
36%
wielki; duży; uroczysty; znakomity grand
36%
zboże; ziarno grain
29%
przyznawać; uprawnić; dofinansowanie; dotacja grant
29%
gubernator governor
14%
Nie znaleziono quizów pasujących do podanych kryteriów
Rozkład punktacji
Procent ludzi z każdym wynikiem
Percentyl według liczby udzielonych odpowiedzi
Twoja historia wyników
Nie rozwiązałeś tego quizu